| 000 | 00966nam a2200241Ia 4500 | ||
|---|---|---|---|
| 999 |
_c34615 _d34615 |
||
| 001 | 377 | ||
| 003 | GE_BSU | ||
| 005 | 20200129172322.0 | ||
| 008 | 181216s2006||||ge |||||||||||||| ||geo|| | ||
| 020 | _a9994009281 | ||
| 040 | _cGE_BSU | ||
| 041 | _ageo | ||
| 080 | _a616-31(075.8) კ-80 | ||
| 100 |
_aკოჭლამაზაშვილი, ბ. _96502 |
||
| 245 |
_aსტომატოლოგიური პათოლოგია : _bსახელმძღვ. / _cბ. კოჭლამაზაშვილი, გ. ბურკაძე ; რედ. ზაზა ავალიანი. |
||
| 264 |
_aთბილისი, _c2006. |
||
| 300 |
_a89 გვ.; _b27 სმ. |
||
| 653 | _aმედიცინა | ||
| 653 | _aსტომატოლოგია | ||
| 700 |
_aბურკაძე, გ. _eავტორი _96505 |
||
| 700 |
_aავალიანი, ზაზა _eრედაქტორი _96506 |
||
| 942 |
_cBK _2udc |
||